000 00363pab a2200145 454500
008 180718b1998 xxu||||| |||| 00| 0 eng d
100 _aDiab, Philip
245 _aStrategic planning project management - competitive advantage
260 _c1998
300 _ap.25-28
362 _aJul
650 _aProject management
773 _aPM Network
909 _a47819
999 _c47819
_d47819